000 00245nam a22000857a 4500
008 161201b xxu||||| |||| 00| 0 eng d
100 _91629
_aDixon. F. W
245 _aThe hardy boys: 6 : The mystery of the desert
260 _aNew york
_bGross root
_c1993
999 _c4341
_d4341